000 01040nam a2200229Ii 4500
003 JO-AjNU
008 230605s9999||||xx |||||||||||||| ||und||
017 _a2009/2/582
040 _aJO-AjNU
_bara
_erda
_cJO-AjNU
041 _aara
050 1 4 _aLC3969.I426 2010
100 3 _aالإمام،محمد صالح مؤلف/الجوالدة،فؤاد عيد م.مشارك,
_eauthor
_927333
245 0 0 _aالإعاقة العقلية ومهارات الحياة في ضوء نظرية العقل=Mental Retardation and Life Performance Skills In Light Of Theory Of Mind
250 _aط1
264 3 1 _aعمان:دار الثقافة،2010
300 _a368ص
336 _atext
_btxt
_2rdacontent
337 _aunmediated
_bn
_2rdamedia
338 _avolume
_bnc
_2rdacarrier
490 0 _aسلسلة نظرية العقل في التربية الخاصة 1
650 4 _a أطفال معوقون-تربية خاصة-المعوقون-تعليم. التخلف العقلي-التعليم الخاص-صعوبات التعلم
_927334
999 _aA10470
_c14038
_d14038